25 Deadliest Diseases in Human History - Statistics

General Stats
  • This quiz has been taken 1,250 times
  • The average score is 8 of 25
Answer Stats
Hint Answer % Correct
2 HIV
76%
6 Bubonic Plague
75%
21 Influenza
75%
24 Smallpox
67%
1 Malaria
65%
16 Ebola
62%
22 Tuberculosis
48%
3 Measles
46%
25 Cholera
44%
23 Yellow Fever
38%
12 Ischemic Heart Disease
31%
5 SARS
28%
10 Influenza A-H1N1 (Swine Flu)
21%
20 Lung Cancer
21%
9 Syphilis
21%
14 Tetanus
21%
15 Avian Influenza (Bird Flu)
18%
11 Meningitis
18%
4 Leprosy
17%
17 Whooping Cough
15%
7 Cerobrovascular Disease
13%
19 Diarrhea
10%
13 Chronic Obstructive Pulmonary Disease
7%
8 Lower Respiratory Infections
3%
18 Perinatal Complications
3%
No matching quizzes found
Score Distribution
Percent of People with Each Score
Percentile by Number Answered
Your Score History
You have not taken this quiz